000 00615nam a22001937a 4500
003 koha_MIRAKIL
005 20250416130710.0
008 250416b tur||||| |||| 00| 0 tur d
020 _a9786259419022
040 _aTR-IsEVY
_btur
_cTR-IsEVY
082 _a523.3 WAL/A
100 _aWalder, Claudia
245 0 _aAy' a nasıl gidilir ? /
_cClaudia Walder ; resimleyen Guarisco, Anna-Lea.
260 _aİstanbul :
_bFibula ,
_c2024.
300 _a26 s. :
_brenkli resimli ;
_c30 cm.
650 _aDoğa Bilimleri.
_vUzay.
_vAy.
_vÇocuk Edebiyatı.
700 1 _aGuarisco, Anna-Lea.
_cresimleyen.
942 _2ddc
_cBK
999 _c21833
_d21833